Zawodnicy Ostrovii Ostrów Wielkopolski (żużel) w latach 2011-2024 - Statystyki

Ogólne statystyki
  • Ten quiz został rozwiązany 93 razy
  • Średni wynik to 25 z 89
Statystyki odpowiedzi
Podpowiedź Odpowiedź % Poprawnych
Polska 2019-2023 Grzegorz Walasek
92%
Polska 2024 Gracjan Szostak
87%
Polska 2020-2024 Sebastian Szostak
87%
Australia 2022, 2024 Chris Holder
86%
Polska 2020-2023 Jakub Krawczyk
83%
Polska 2019-2022 Tomasz Gapiński
79%
Polska 2024 Gleb Czugunow
68%
Szwecja 2021-2023 Oliver Berntzon
68%
Dania 2024 Frederik Jakobsen
67%
Dania 2018-2022 Nicolai Klindt
62%
Polska 2023-2024 Tobiasz Musielak
62%
Francja 2014 David Bellego
57%
Dania 2017 Kenneth Hansen
57%
Dania 2021 Patrick Hansen
57%
Ukraina 2019 Aleksandr Łoktajew
56%
Polska 2021-2023 Jakub Poczta
51%
Łotwa 2023 Francis Gusts
48%
Polska 2015 Mateusz Szczepaniak
46%
Polska 2013, 2015 Michał Szczepaniak
46%
Finlandia 2014 Timo Lahti
44%
Dania 2011 Kasper Nielsen
43%
Dania 2022-2023 Matias Nielsen
43%
Polska 2015 Norbert Krakowiak
43%
Polska 2020-2022 Kacper Grzelak
41%
Polska 2020 Adrian Cyfer
40%
Polska 2014, 2017-2018 Kamil Brzozowski
38%
Polska 2024 Wiktor Jasiński
38%
Australia 2017, 2019 Sam Masters
37%
Polska 2017-2019 Kamil Nowacki
35%
Rosja 2018-2019 Renat Gafurow
35%
Dania 2022 Tim Sorensen
35%
Polska 2015 Rune Holta
33%
Dania 2018 Bjarne Pedersen
32%
Polska 2014 Maksym Drabik
32%
Dania 2015 Mikkel Michelsen
32%
Polska 2024 Tobiasz Potasznik
32%
Polska 2021 Daniel Kaczmarek
30%
Polska 2020 Rafał Okoniewski
29%
Szwecja 2023 Victor Palovaara
27%
Polska 2011-2012 Adrian Gomólski
25%
Dania 2017, 2020 Jonas Jeppesen
25%
Szwecja 2012-2014 Peter Karlsson
25%
Wielka Brytania 2017-2018 Adam Ellis
24%
Czechy 2014 Ales Dryml
24%
Wielka Brytania 2015 Scott Nicholls
24%
Polska 2011-2013 Mariusz Staszewski
22%
Szwecja 2022 Filip Hjelmland
21%
Polska 2011-2012, 2017 Łukasz Sówka
19%
Dania 2013-2015 Nicklas Porsing
17%
Australia 2012 Rory Schlein
17%
Rosja 2012-2013 Denis Gizatullin
16%
Polska 2019 Marcin Kościelski
16%
Polska 2014-2015 Mateusz Borowicz
16%
Polska 2012-2013 Marcin Nowak
14%
Polska 2015 Rafał Malczewski
14%
Polska 2013 Kamil Adamczewski
13%
Polska 2013 Adam Skórnicki
11%
Szwecja 2013-2014 David Ruud
11%
Dania 2012 Kenni Larsen
11%
Polska 2017-2018 Patryk Dolny
11%
Polska 2017-2018 Zbigniew Suchecki
11%
Polska 2013 Damian Michalski
10%
Polska 2011 Mariusz Węgrzyk
10%
Rosja 2011-2013 Władimir Borodulin
10%
Polska 2013, 2015 Artur Czaja
8%
Dania 2013 Mads Korneliussen
8%
Polska 2017-2018 Marcel Studziński
8%
Polska 2012 Paweł Urbański
8%
Polska 2012, 2014 Ronnie Jamroży
8%
Rosja 2011 Aleksiej Charczenko
6%
Polska 2015 Oskar Ajtner-Gollob
6%
Niemcy 2011-2012 Tobias Kroner
6%
Rosja 2011 Witalij Biełousow
6%
Polska 2011 Sebastian Brucheiser
5%
Polska 2014 Grzegorz Bassara
3%
Polska 2017 Jędrzej Zając
3%
Australia 2011 Cory Gathercole
2%
Polska 2011 Emil Idziorek
2%
Australia 2014 Justin Sedgmen
2%
Polska 2012 Kacper Rogowski
2%
Polska 2011 Krzysztof Pecyna
2%
Polska 2014 Krzysztof Wittstock
2%
Polska 2017 Maksymilian Bogdanowicz
2%
Polska 2012 Mateusz Piernikowski
2%
Polska 2014 Oskar Bober
2%
Polska 2012 Paweł Parys
2%
Polska 2013-2014 Filip Marach
0%
Polska 2012 Łukasz Wieliński
0%
Polska 2014 Marcin Wawrzyniak
0%
Nie znaleziono quizów pasujących do podanych kryteriów
Rozkład punktacji
Procent ludzi z każdym wynikiem
Percentyl według liczby udzielonych odpowiedzi
Twoja historia wyników
Nie rozwiązałeś tego quizu